000 00480 a2200109 4500
001 ART_59284
005 20260410161610.0
008 260409a
245 1 0 _aAlgunas diferencias y similitudes entre la norma unificada argentina de contabilidad (NUA) y las normas internacionales de información financiera (NIIF). Ingresos de actividades ordinarias
100 1 _aZgaib, Alfredo O.
773 0 _tProfesional & Empresaria
_g- Año XXV, Nº 288 (sep. 2023)
_wREV70
999 _c10593
_d10593